000 01266nim a22002537a 4500
005 2010090604404.0
007 sd ammalaaahaa
008 100906t xxu||||| |||| 00| 0 hin d
028 _aN.53312
_bHis Master's Voice
035 _aGR-676
040 _aSED/VEN
100 _aShamshad Begum
_918483
245 _aHum bhi insan hain :
_bHindustani /
_cby Shamshad begum ; music by Hemant Kumar ; lyric by Shailendra
246 _aहम भी इन्सान हैं (शमशाद बेगम )
260 _aDum Dum India
_bHis Master's Voice
300 _a1 sound recording [ gramophone record] :
_banalog, 33 1/3 rpm
_c10 in.
_fGramophone Record
500 _aBrief record
505 _aPyar jata ke chale gye part 1 (hum bhi insan hain) (shamshad begum) ( प्यार जता के चले गये) pyari bole bulbul(hum bhi insan hain) (Mohd Rafi) प्यारी बोले बुलबुल ) (हम भी इन्सान हैं ) (मोहमद रफ़ी )
650 _aClassical Music
_xExcerpts
_zIndia
_918484
700 _aHemant Kumar
_918485
700 _aShailendra
_918486
942 _2ddc
_cGR
999 _c43884
_d43884